| 000 | 00773nam a22001937a 4500 | ||
|---|---|---|---|
| 008 | 100927s2006 enk|||||s|||| 00| 0 eng d | ||
| 020 | _a9780194309691 | ||
| 020 | _a019430969X | ||
| 082 |
_a371.30281 _bLEC |
||
| 245 |
_aLecture Ready 2. 2 Audio CDs : _cPeg Sarosy, Kathy Sherak _bStrategies for Academic Listening, Note-taking, and Discussion / |
||
| 260 |
_aOxford : _bOxford University Press, 2006 _c2006 |
||
| 300 |
_a2sound discs : _bdigital, stereo. ; _c 4 3/4 in. + _e1 text (viii, 120 p. : ill.), 1 answer key & transcripts (37 p.), 1 videodisc |
||
| 650 |
_98352 _aLecture method in teaching |
||
| 650 |
_919900 _aLectures and lecturing |
||
| 650 |
_91009 _aNote-taking. |
||
| 650 |
_914009 _aStudy skills. |
||
| 700 |
_914001 _aSherak, Kathy. |
||
| 942 |
_2ddc _cCDR |
||
| 999 |
_c14718 _d14718 |
||